000 00779nam a2200193Ia 4500
003 GCL
008 140319s9999 xx 000 0 ara d
040 _aGCL /
_cGCL
082 0 4 _aد
_b050
_bع ح
100 1 _aعبدالستار ابراهيم
245 1 0 _aالحكمة الضائعة : الابداع و الاضطراب النفسى و المجتمع(عالم المعرفة 280) /
_cعبدالستار ابراهيم
260 _aالكويت :
_bالمجلس الوطنى للثقافة والفنون والاداب ،
_c2002
300 _a227 ص ؛
_c20 سم
490 _aعالم المعرفة
_v280
650 0 4 _aالادمان والشباب
650 0 4 _aالاضطرابات العقلية
650 0 4 _aالتغيير الاجتماعى
942 _2ddc
_cBK
999 _c51520
_d51520